| 000 | 00394nam a22001457a 4500 | ||
|---|---|---|---|
| 020 | _a0071128735 | ||
| 082 |
_a620.112 _bUGU _cN-01,P-44 |
||
| 100 |
_aUGURAL, A.C _940789 |
||
| 245 |
_aMechanics of Materials _cUGURAL, A.C |
||
| 260 |
_aNew York _bMcGRA W-HILL _c1991 |
||
| 300 |
_a441, p _bill, _c24 cm. |
||
| 526 |
_a0 _b0 _c0 _d620_112000000000000_UGU |
||
| 650 |
_aNUST _96342 |
||
| 942 |
_2ddc _cBK |
||
| 999 |
_c545036 _d545036 |
||